Biologie du développement : (Record no. 33464)
[ view plain ]
| 000 -LEADER | |
|---|---|
| fixed length control field | 00884 a2200289 4500 |
| 003 - CONTROL NUMBER IDENTIFIER | |
| control field | 0 |
| 005 - DATE AND TIME OF LATEST TRANSACTION | |
| control field | 20170410124757.0 |
| 008 - FIXED-LENGTH DATA ELEMENTS--GENERAL INFORMATION | |
| fixed length control field | 170410b xxu||||| |||| 00| 0 eng d |
| 020 ## - NUMERO INTERNATIONAL NORMALISE DES LIVRES | |
| International Standard Book Number | 2 10 004189 4 |
| 037 ## - SOURCE OF ACQUISITION | |
| Stock number | S 8100 |
| 040 ## - SOURCE DU CATALOGAGE | |
| Original cataloging agency | BUAC |
| Language of cataloging | Fre |
| Transcribing agency | BUC |
| Modifying agency | BEPAC |
| 100 ## - VEDETTE PRINCIPALE - NOM DE PERSONNE | |
| Language of a work | Fr |
| 100 ## - VEDETTE PRINCIPALE - NOM DE PERSONNE | |
| Personal name | Wolpert, Lewis |
| 245 ## - TITLE STATEMENT | |
| Title | Biologie du développement : |
| Remainder of title | les grands principes |
| Statement of responsibility, etc | / par Lewis Wolpert ; préf de Nicole M. Le Douarin ; trd. de l'anglais par Jacqueline Souchon |
| 260 ## - PUBLICATION, DISTRIBUTION, ETC. (IMPRINT) | |
| Name of publisher, distributor, etc | Dunod, |
| Place of publication, distribution, etc | Paris : |
| 260 ## - PUBLICATION, DISTRIBUTION, ETC. (IMPRINT) | |
| Date of publication, distribution, etc | 1999 |
| 300 ## - PHYSICAL DESCRIPTION | |
| Extent | XXII-479 p. |
| Dimensions | couv. ill. en coul. ; |
| 300 ## - PHYSICAL DESCRIPTION | |
| Other physical details | 30 cm. |
| 440 ## - SERIES STATEMENT/ADDED ENTRY--TITLE | |
| Title | (SCIENCES SUP) |
| 500 ## - GENERAL NOTE | |
| General note | Comprend index<br/>Cours 2ème cycle CAPES AGREGATION |
| 650 ## - SUBJECT ADDED ENTRY--TOPICAL TERM | |
| Topical term or geographic name as entry element | Biologie du développement : principe |
| 700 ## - ADDED ENTRY--PERSONAL NAME | |
| Personal name | Le Douarin, Nicole M. |
| 700 ## - ADDED ENTRY--PERSONAL NAME | |
| Personal name | Souchon, Jacqueline |
| 700 ## - ADDED ENTRY--PERSONAL NAME | |
| Personal name | Beaumont, André |
| 942 ## - ADDED ENTRY ELEMENTS (KOHA) | |
| Koha item type | Livre |
| Withdrawn status | Lost status | Damaged status | Not for loan | Location (home branch) | Sublocation or collection (holding branch) | Date acquired | Koha issues (times borrowed) | Koha full call number | Koha date last seen | Price effective from | Koha item type | Shelving location | Source of acquisition | Coded location qualifier | Piece designation (barcode) | Copy number | Public note |
|---|---|---|---|---|---|---|---|---|---|---|---|---|---|---|---|---|---|
| Bibliothèque Ecole Polytechnique d'Abomey-Calavi | Bibliothèque Ecole Polytechnique d'Abomey-Calavi | 27/09/2001 | 574.3/B615w | 10/04/2017 | 10/04/2017 | Livre | Don | 13470 | 13470EPAC | 01 | Exclu du prêt | ||||||
| Bibliothèque Universitaire Centrale | Bibliothèque Universitaire Centrale | 28/02/2009 | 577.2 DOU | 28/02/2009 | 28/02/2009 | Livre | |||||||||||
| Bibliothèque-Centre de Documentation de la Faculté des Sciences Agronomiques | Bibliothèque-Centre de Documentation de la Faculté des Sciences Agronomiques | 28/02/2009 | 1999.003 | 10/04/2017 | 10/04/2017 | Livre | Don |